[Event "Alushta Rapid op"]
[Site "Alushta"]
[Date "2023.07.13"]
[Round "9"]
[White "Shvedova, Maria"]
[Black "Shalagin, Vladimir"]
[Result "1-0"]
[WhiteElo "1747"]
[BlackElo "1859"]
[PlyCount "37"]
[EventDate "2023.07.11"]
[EventType "swiss (rapid)"]
[EventRounds "11"]
[EventCountry "UKR"]
[SourceTitle "CBM 215 Extra"]
[Source "ChessBase"]
[SourceDate "2023.09.30"]
[SourceVersion "1"]
[SourceVersionDate "2023.09.30"]
[SourceQuality "1"]

1. d4 Nf6 2. c4 e6 3. Nf3 Bb4+ 4. Nbd2 Be7 5. e4 d5 6. e5 Ne4 7. Bd3 Nxd2 8. Bxd2 dxc4 9. Bxc4 c5 10. Bc3 cxd4 11. Nxd4 a6 12. 0-0 b5 13. Be2 Bb7 14. Bf3 Qb6 15. Rc1 Nd7 16. Ba5 Qxa5 17. Bxb7 0-0 18. Bxa8 Rxa8 19. Nc6 1-0

[Event "RUS-ch Silent"]
[Site "Zelenograd"]
[Date "2022.04.18"]
[Round "11"]
[White "Shalagin, Vladimir"]
[Black "Fomichev, Sergey1111"]
[Result "0-1"]
[WhiteElo "1999"]
[BlackElo "1914"]
[PlyCount "76"]
[EventDate "2022.04.09"]
[EventType "swiss"]
[EventRounds "11"]
[EventCountry "RUS"]
[SourceTitle "EXT 2023"]
[Source "ChessBase"]
[SourceDate "2022.10.05"]
[SourceVersion "1"]
[SourceVersionDate "2022.10.05"]
[SourceQuality "1"]

1. e4 c5 2. Nf3 e6 3. Nc3 a6 4. d4 cxd4 5. Nxd4 b5 6. Bd3 Bb7 7. 0-0 Qc7 8. Kh1 Nc6 9. Nxc6 Qxc6 10. Bf4 Nf6 11. f3 b4 12. Ne2 Qb6 13. Qe1 d5 14. e5 Nd7 15. c3 Rc8 16. Qg3 a5 17. cxb4 axb4 18. Rac1 Rxc1 19. Rxc1 g6 20. Qe1 Bc5 21. Ng3 Bd4 22. Qe2 0-0 23. h4 Rc8 24. Rd1 Ra8 25. b3 Bc3 26. Be3 Qa5 27. Bb1 Bxe5 28. f4 Bg7 29. h5 Qd8 30. Qg4 Nf6 31. Qh3 Qe7 32. hxg6 hxg6 33. Kg1 Ne4 34. Nxe4 dxe4 35. Kf2 Rc8 36. g4 Qf6 37. g5 Qb2+ 38. Kg1 Qe2 0-1

[Event "Zelenograd-ch"]
[Site "Zelenograd"]
[Date "2016.09.20"]
[Round "3"]
[White "Shalagin, Vladimir"]
[Black "Tubakin, Leonid"]
[Result "1-0"]
[WhiteElo "1851"]
[BlackElo "1981"]
[PlyCount "57"]
[EventDate "2016.09.19"]
[EventType "swiss"]
[EventRounds "11"]
[EventCountry "RUS"]
[SourceTitle "EXT 2017"]
[Source "ChessBase"]
[SourceDate "2016.10.25"]
[SourceVersion "1"]
[SourceVersionDate "2016.10.25"]
[SourceQuality "1"]

1. e4 e6 2. d4 d5 3. Nc3 dxe4 4. Nxe4 Nf6 5. Nxf6+ Qxf6 6. Nf3 h6 7. Bc4 Bd6 8. Be3 0-0 9. Qd2 e5 10. dxe5 Bxe5 11. Nxe5 Qxe5 12. 0-0-0 Nc6 13. Qd5 Bf5 14. Qxe5 Nxe5 15. Bb3 Rad8 16. f3 Ng6 17. Bf2 b6 18. Rxd8 Rxd8 19. Bg3 c5 20. Rd1 Re8 21. Bc4 Be6 22. Bb5 Rc8 23. Ba6 Re8 24. Bb5 Rc8 25. a3 Nf8 26. Ba6 Re8 27. Bb5 Rc8 28. Rd6 f6 29. Rxe6 1-0